000 00786nam a2200181 a 4500
008 100722s2009 ||||||||||||||||| || u
020 _a9780132358484
050 _aQD 31 Che
100 _aBrown, Theodore L. (Theodore Lawrence), 1928-
245 1 0 _aChemistry: the central science.-- 11th ed.
_cTheodore L. Brown...[and others]
250 _a11th ed.
260 _aUpper Saddle River, NJ:
_bPearson-Prentice Hall
_c2009
300 _axxxiii, 1116p. [various pagings]: ill.+ Student Access Kit
350 _a0.00
500 _aAccompanied by a Student Access Kit
650 0 _aCHEMISTRY--HANDBOOKS, MANUALS, ETC
995 _D0.00
_FCBU-MAIN LIBRARY (Kitwe)
_H1
_I0.00
_M1
_UAVAILABLE
_WAug 25, 2010
_ZMain Library Open Access Collection
999 _c37238
_d37238